书目信息 |
| 题名: |
碳氢化合物及其他有机化合物的硝化作用
|
|
| 作者: | 托布契也夫 著 | |
| 分册: | ||
| 出版信息: | 北京 科学出版社 1955 |
|
| 页数: | 247页 | |
| 开本: | 20cm | |
| 丛书名: | 科学译丛 | |
| 单 册: | ||
| 中图分类: | O625.6 | |
| 科图分类: | ||
| 主题词: | 有机化学 | |
| 电子资源: | ||
| ISBN: | ||
| 000 | 00700nam0 2200229 450 | |
| 001 | 0630882125 | |
| 005 | 20060801083715.67 | |
| 010 | @dCNY1.58 | |
| 100 | @a20060801d1955 km y0chiy0120 ea | |
| 101 | 0 | @achi@crus |
| 102 | @aCN@b110000 | |
| 102 | @aCN@b110000 | |
| 200 | 1 | @a碳氢化合物及其他有机化合物的硝化作用@Atan qing hua he wu ji qi ta you ji hua he wu de xiao hua zuo yong@f(苏)A·B·托布契也夫著@F(su)A·B·tuo bu qi ye fu zhu |
| 210 | @a北京@c科学出版社@d1955 | |
| 215 | @a247页@d20cm | |
| 225 | @a科学译丛 | |
| 410 | 0 | @12001 @a科学译丛 |
| 606 | 0 | @a有机化学 |
| 690 | @aO625.6@v3 | |
| 701 | 0 | @a托布契也夫@Atuo bu qi ye fu@4著 |
| 801 | 0 | @aCN@bPFT@c20060801 |
| 905 | @a10447@dO625.6@e3 | |
| 碳氢化合物及其他有机化合物的硝化作用/(苏)A·B·托布契也夫著.-北京:科学出版社,1955 |
| 247页;20cm.-(科学译丛) |
| ISBN :CNY1.58 |
| ● |
| 相关链接 |
|
|
|
|
正题名:碳氢化合物及其他有机化合物的硝化作用
索取号:O625.6/3
 
预约/预借
| 序号 | 登录号 | 条形码 | 馆藏地/架位号 | 状态 | 备注 |
| 1 | 0434214 | 204342149 | 密集书库/ [索取号:O625.6/3] | 在馆 |